[Event "BL 2425 SK Kirchweyhe - SG Solingen"]
[Site "?"]
[Date "2024.09.28"]
[Round "1.5"]
[White "Andersen, Mads"]
[Black "Jovanovic, Zoran"]
[Result "1-0"]
[WhiteElo "2589"]
[BlackElo "2528"]
[PlyCount "123"]
[EventDate "2024.??.??"]

1. e4 d6 2. d4 Nf6 3. Nc3 e5 4. dxe5 dxe5 5. Qxd8+ Kxd8 6. Bc4 Bb4 7. Bxf7 Nxe4 8. Nge2 Rf8 9. Bb3 Nc5 10. Bc4 Be6 11. Bxe6 Nxe6 12. Bd2 Nd7 13. f3 c6 14. O-O-O Be7 15. Ne4 Kc7 16. Bc3 a5 17. b3 Bb4 18. Bb2 a4 19. Kb1 axb3 20. axb3 Ra5 21. Nc1 Nf6 22. Nd3 Nxe4 23. fxe4 Bd6 24. Rhf1 Nf4 25. g3 Nxd3 26. Rxf8 Bxf8 27. Rxd3 Be7 28. Bc3 Rb5 29. Bd2 Kc8 30. Rf3 h5 31. Rf7 Bf6 32. Kb2 c5 33. Bh6 c4 34. Bxg7 Bg5 35. Kc3 cxb3 36. cxb3 Be3 37. b4 Bd4+ 38. Kc4 Rb6 39. Rf6 Rc6+ 40. Kd5 Rc2 41. h4 Rc3 42. Rg6 Rb3 43. Bxe5 Bxe5 44. Kxe5 Rxb4 45. Rg5 Rb6 46. Kd5 Rb3 47. e5 b5 48. Kd6 b4 49. e6 Rd3+ 50. Ke7 b3 51. Rxh5 Rxg3 52. Rc5+ Kb7 53. Kf7 Rf3+ 54. Ke8 Ka6 55. Rc1 Rh3 56. e7 Rxh4 57. Kd7 Rd4+ 58. Kc6 b2 59. Re1 Rc4+ 60. Kd6 Rd4+ 61. Kc5 Re4 62. Rxe4 1-0

[Event "BL 2425 SV Mülheim Nord - Düsseldorfer"]
[Site "?"]
[Date "2024.09.28"]
[Round "1.6"]
[White "Albers, Sasa"]
[Black "Gustafsson, Jan"]
[Result "0-1"]
[WhiteElo "2248"]
[BlackElo "2604"]
[PlyCount "74"]
[EventDate "2024.??.??"]

1. e4 e5 2. Nf3 Nc6 3. Bb5 a6 4. Ba4 d6 5. O-O Bg4 6. c3 Qf6 7. d3 Nge7 8. Be3 Bxf3 9. Qxf3 Qxf3 10. gxf3 Ng6 11. Nd2 Be7 12. d4 O-O 13. dxe5 dxe5 14. Rad1 Nd8 15. Bd7 Ne6 16. Nc4 b5 17. Na5 Nh4 18. Nc6 Bd6 19. a4 Nxf3+ 20. Kg2 Nh4+ 21. Kg3 Ng6 22. axb5 axb5 23. Rd5 b4 24. cxb4 Ngf4 25. Rxd6 cxd6 26. b5 Nh5+ 27. Kh4 Nf6 28. Bxe6 fxe6 29. b6 Nxe4 30. f3 Nf6 31. b7 Rab8 32. Na5 Rf7 33. Rc1 Rfxb7 34. Nxb7 Rxb7 35. Rc6 Rxb2 36. Rxd6 Rxh2+ 37. Kg3 Re2 0-1

[Event "BL 2425 USV TU Dresden - SV Werder Breme"]
[Site "?"]
[Date "2024.10.05"]
[Round "1.2"]
[White "Bartel, Mateusz"]
[Black "Areshchenko, Alexander"]
[Result "1-0"]
[WhiteElo "2608"]
[BlackElo "2613"]
[PlyCount "63"]
[EventDate "2024.??.??"]

1. d4 Nf6 2. Nf3 g6 3. Bf4 Bg7 4. c3 O-O 5. Nbd2 d6 6. e4 Nbd7 7. Be2 b6 8. O-O Bb7 9. Bd3 e5 10. Bg5 h6 11. Bh4 Qe8 12. Re1 Nh5 13. a4 a6 14. Nf1 f5 15. dxe5 dxe5 16. exf5 gxf5 17. Ne3 e4 18. Bc4+ Kh7 19. Nd4 Bxd4 20. cxd4 Qg6 21. Rc1 Rac8 22. Rc3 c6 23. Bb3 b5 24. Nxf5 Rxf5 25. Rxe4 c5 26. Rg4 Qd6 27. Bc2 Rcf8 28. Re3 Kh8 29. Bxf5 Rxf5 30. Re8+ Kh7 31. Qd3 Qd5 32. Re5 1-0

[Event "BL 2425 SV Werder Bremen - SF Bad Mergen"]
[Site "?"]
[Date "2024.10.06"]
[Round "2.7"]
[White "Nemec, Jachym"]
[Black "Grigorian, Spartak"]
[Result "1-0"]
[WhiteElo "2398"]
[BlackElo "2433"]
[PlyCount "69"]
[EventDate "2024.??.??"]

1. d4 Nf6 2. c4 e6 3. Nc3 Bb4 4. e3 O-O 5. Nge2 Re8 6. a3 Bf8 7. Ng3 d5 8. cxd5 exd5 9. Bd3 b6 10. b4 Nbd7 11. O-O c5 12. Rb1 cxd4 13. exd4 a5 14. Bf4 axb4 15. axb4 Nb8 16. Bg5 Na6 17. Bxf6 Qxf6 18. Nxd5 Qd8 19. Qh5 h6 20. b5 Nb8 21. Rfd1 Ra3 22. Ne3 Nd7 23. Bc4 Nf6 24. Qxf7+ Kh8 25. Nef5 Rc3 26. Re1 Bd7 27. Ba2 Rxe1+ 28. Rxe1 Bxb5 29. Nh4 Bb4 30. Ng6+ Kh7 31. Ne5 Rxg3 32. hxg3 Be8 33. Bb1+ Kh8 34. Ng6+ Kh7 35. Ne7+ 1-0

[Event "BL 2425 SV Deggendorf - SK Kirchweyhe"]
[Site "?"]
[Date "2024.11.30"]
[Round "3.2"]
[White "Delchev, Aleksander"]
[Black "Brkic, Ante"]
[Result "1/2-1/2"]
[WhiteElo "2464"]
[BlackElo "2608"]
[PlyCount "43"]
[EventDate "2024.??.??"]

1. e4 c5 2. Nf3 d6 3. Bb5+ Nd7 4. c3 Ngf6 5. Qe2 a6 6. Ba4 b5 7. Bc2 Bb7 8. d4 e6 9. a4 bxa4 10. d5 exd5 11. exd5+ Qe7 12. Qxe7+ Bxe7 13. c4 Nb6 14. Bxa4+ Nxa4 15. Rxa4 O-O 16. O-O Bc8 17. b3 Re8 18. Re1 Bd7 19. Ra2 a5 20. Bf4 Bf8 21. Rxe8 Nxe8 22. Nc3 1/2-1/2

[Event "BL 2425 SV Deggendorf - SK Kirchweyhe"]
[Site "?"]
[Date "2024.11.30"]
[Round "3.3"]
[White "Predojevic, Borki"]
[Black "Popovic, Dusan"]
[Result "1/2-1/2"]
[WhiteElo "2565"]
[BlackElo "2487"]
[PlyCount "56"]
[EventDate "2024.??.??"]

1. d4 Nf6 2. c4 g6 3. Nc3 Bg7 4. e4 d6 5. Be2 O-O 6. Nf3 e5 7. O-O exd4 8. Nxd4 Re8 9. f3 c6 10. Kh1 d5 11. cxd5 cxd5 12. Bg5 Nc6 13. Bb5 h6 14. Bxf6 Qxf6 15. exd5 Qxd4 16. dxc6 Rf8 17. Qxd4 Bxd4 18. Rfd1 Be5 19. Rac1 Rb8 20. b3 bxc6 21. Bxc6 Be6 22. Bd5 Rfd8 23. Bxe6 Bxc3 24. Bc4 Rxd1+ 25. Rxd1 Re8 26. g3 Re1+ 27. Rxe1 Bxe1 28. Kg2 Bb4 1/2-1/2

[Event "BL 2425 SV Deggendorf - SK Kirchweyhe"]
[Site "?"]
[Date "2024.11.30"]
[Round "3.6"]
[White "Tilicheev, Viacheslav"]
[Black "Stevic, Hrvoje"]
[Result "1/2-1/2"]
[WhiteElo "2437"]
[BlackElo "2548"]
[PlyCount "54"]
[EventDate "2024.??.??"]

1. d4 d5 2. c4 dxc4 3. e4 e5 4. Nf3 Bb4+ 5. Bd2 Bxd2+ 6. Nbxd2 exd4 7. Bxc4 Nc6 8. O-O Nge7 9. Ng5 Ne5 10. Bb3 N7c6 11. f4 Bg4 12. Qe1 h6 13. Qg3 hxg5 14. fxe5 Be6 15. Bxe6 fxe6 16. Nf3 Qe7 17. Nxg5 Rh5 18. Qb3 Qxg5 19. Qxb7 Qe3+ 20. Kh1 Nd8 21. Qxa8 Qh6 22. Rf8+ Kxf8 23. Qxd8+ Kf7 24. Rf1+ Kg6 25. Qe8+ Kh7 26. h3 Rxh3+ 27. gxh3 Qxh3+ 1/2-1/2

[Event "BL 2425 FC Bayern München - SV Mülheim"]
[Site "?"]
[Date "2024.11.30"]
[Round "3.1"]
[White "Navara, David"]
[Black "Fedoseev, Vladimir"]
[Result "1/2-1/2"]
[WhiteElo "2674"]
[BlackElo "2712"]
[PlyCount "99"]
[EventDate "2024.??.??"]

1. e4 e5 2. Nf3 Nf6 3. Nxe5 d6 4. Nf3 Nxe4 5. d4 d5 6. Bd3 Bd6 7. O-O O-O 8. c4 c6 9. Nc3 Nxc3 10. bxc3 dxc4 11. Bxc4 Bg4 12. h3 Bh5 13. g4 Bg6 14. Ne5 Bxe5 15. dxe5 Qa5 16. Qe2 Nd7 17. f4 b5 18. Bb3 Nc5 19. Be3 Bd3 20. Qd1 Bxf1 21. Bxc5 Be2 22. Qe1 Rfe8 23. e6 Bc4 24. e7 Bxb3 25. axb3 Qc7 26. Qe5 Qxe5 27. fxe5 a5 28. Kf2 a4 29. bxa4 bxa4 30. Ke3 h6 31. h4 Kh7 32. Ke4 h5 33. gxh5 Ra5 34. Bb4 Rb5 35. Bd6 f6 36. Rxa4 Rxe7 37. Bxe7 Rxe5+ 38. Kf4 Rxe7 39. Rc4 Re6 40. Rc5 Kh6 41. c4 Rd6 42. Kg3 Rd3+ 43. Kg4 Rd4+ 44. Kh3 f5 45. Rxf5 Rxc4 46. Rg5 c5 47. Rg6+ Kxh5 48. Rxg7 Rxh4+ 49. Kg3 Rc4 50. Kf3 1/2-1/2

[Event "BL 2425 FC Bayern München - SV Mülheim"]
[Site "?"]
[Date "2024.11.30"]
[Round "3.5"]
[White "Buckels, Valentin"]
[Black "Blohberger, Felix"]
[Result "1/2-1/2"]
[WhiteElo "2448"]
[BlackElo "2536"]
[PlyCount "145"]
[EventDate "2024.??.??"]

1. d4 Nf6 2. Nf3 e6 3. Bf4 Be7 4. Nbd2 Nh5 5. e3 Nxf4 6. exf4 c5 7. dxc5 Qc7 8. g3 Na6 9. Bg2 Nxc5 10. O-O O-O 11. c4 Bf6 12. Qc2 h6 13. Rad1 Qb6 14. b3 a5 15. Ne4 Nxe4 16. Qxe4 a4 17. Rd3 axb3 18. axb3 Ra3 19. Qe3 Qxe3 20. fxe3 b6 21. Rb1 Rd8 22. Nd4 Ba6 23. Rdd1 Be7 24. Ra1 Ra5 25. Nc2 d5 26. cxd5 exd5 27. Rxa5 bxa5 28. Rxd5 Rxd5 29. Bxd5 Bc5 30. Kf2 Kf8 31. Kf3 Ke7 32. Nd4 Bxd4 33. exd4 f6 34. h4 Kd6 35. Be4 Bc8 36. f5 Bd7 37. Bc2 Bc6+ 38. Ke3 Bd7 39. Kd2 Bc6 40. Kc3 Bd5 41. Bd3 Bb7 42. Bc4 Be4 43. Bd3 Bb7 44. Kd2 Bd5 45. Kc2 Bc6 46. Kb2 Kd5 47. Kc3 Kd6 48. Kd2 Bd5 49. Bc2 Bf7 50. Ke3 Bd5 51. Kf4 Bf7 52. g4 Be8 53. Bd1 Bf7 54. g5 hxg5+ 55. hxg5 Bd5 56. g6 Bg8 57. Ke4 Bd5+ 58. Kd3 Bg8 59. Kc3 Bd5 60. Be2 Be4 61. Bd3 Bb7 62. Kd2 Bd5 63. Bc4 Be4 64. Be6 Bc6 65. Kd3 Bb7 66. Kc4 Ba6+ 67. Kc3 Bb7 68. b4 axb4+ 69. Kxb4 Bc6 70. Kc4 Be8 71. Bc8 Bc6 72. Be6 Be8 73. Bc8 1/2-1/2

[Event "BL 2425 FC Bayern München - SV Mülheim"]
[Site "?"]
[Date "2024.11.30"]
[Round "3.6"]
[White "Lokander, Martin"]
[Black "Zelbel, Patrick"]
[Result "1/2-1/2"]
[WhiteElo "2467"]
[BlackElo "2493"]
[PlyCount "107"]
[EventDate "2024.??.??"]

1. d4 Nf6 2. c4 g6 3. Nc3 Bg7 4. e4 d6 5. Nf3 O-O 6. Be2 e5 7. Be3 exd4 8. Nxd4 Re8 9. f3 c6 10. Qd2 d5 11. exd5 cxd5 12. O-O-O Nc6 13. g4 Bd7 14. Nc2 Qa5 15. cxd5 Nb4 16. Nxb4 Qxb4 17. Bd4 Rac8 18. Kb1 Qa5 19. Qf4 Rxe2 20. Nxe2 Nxd5 21. Qd2 Nb4 22. a3 Bf5+ 23. gxf5 Qxf5+ 24. Ka1 Nc2+ 25. Ka2 Qe6+ 26. Kb1 Qb3 27. Qa5 Bf8 28. Rc1 Rc6 29. Bc3 Nxa3+ 30. Qxa3 Bxa3 31. Nd4 Qb6 32. Nxc6 bxc6 33. Rhe1 Kf8 34. Re4 f5 35. Re6 Bc5 36. Rd1 Qb3 37. Rd8+ Kf7 38. Rxc6 Be7 39. Rd7 Ke8 40. Rcc7 Bd8 41. Rxa7 Bb6 42. Rab7 Qb5 43. Rd6 Qf1+ 44. Kc2 Qe2+ 45. Rd2 Qa6 46. Rxh7 Be3 47. Rd5 Qe2+ 48. Kb3 Qxf3 49. Ra5 Bd4 50. Rb5 Qd1+ 51. Ka3 Qa1+ 52. Kb3 Qd1+ 53. Ka3 Qa1+ 54. Kb3 1/2-1/2

[Event "BL 2425 OSG Baden-Baden - SF Bad Mergent"]
[Site "?"]
[Date "2024.11.30"]
[Round "3.1"]
[White "Kazakouski, Valery"]
[Black "Vachier-Lagrave, Maxime"]
[Result "0-1"]
[WhiteElo "2567"]
[BlackElo "2737"]
[PlyCount "68"]
[EventDate "2024.??.??"]

1. d4 Nf6 2. c4 g6 3. Nc3 d5 4. cxd5 Nxd5 5. Bd2 Bg7 6. e4 Nxc3 7. Bxc3 O-O 8. Qd2 c5 9. d5 e6 10. Bc4 exd5 11. Bxd5 Nc6 12. Ne2 Be6 13. Rd1 Bxd5 14. Bxg7 Kxg7 15. exd5 Ne5 16. Qc3 Qf6 17. O-O Rfe8 18. Ng3 Nd7 19. Qc1 Qd6 20. Qc3+ Nf6 21. h4 h5 22. Rd3 Kg8 23. Rc1 b6 24. Nf1 Re2 25. Ng3 Re5 26. Rcd1 Rae8 27. a3 Ng4 28. b4 c4 29. Rd4 b5 30. Nf1 Re2 31. Qg3 Qxg3 32. Nxg3 Re1+ 33. Nf1 c3 34. d6 Nf6 0-1

[Event "BL 2425 OSG Baden-Baden - SF Bad Mergent"]
[Site "?"]
[Date "2024.11.30"]
[Round "3.2"]
[White "Kasimdzhanov, Rustam"]
[Black "Laurusas, Tomas"]
[Result "1/2-1/2"]
[WhiteElo "2685"]
[BlackElo "2579"]
[PlyCount "84"]
[EventDate "2024.??.??"]

1. c4 c6 2. d4 d5 3. Nc3 Nf6 4. e3 g6 5. Nf3 Bg7 6. Be2 O-O 7. O-O a6 8. a4 a5 9. b3 Bg4 10. h3 Bxf3 11. Bxf3 e6 12. Ba3 Re8 13. Qc2 Bf8 14. Bb2 Nbd7 15. Rad1 Bg7 16. g3 Qb6 17. Bg2 Qa6 18. Nb1 Rac8 19. Rfe1 Red8 20. Nd2 Qb6 21. Bc3 Qc7 22. Rc1 Ra8 23. Red1 h5 24. Bb2 Qb6 25. Nf3 Rac8 26. Ne1 Ra8 27. Bc3 Qc7 28. Nd3 Nb6 29. Be1 Nc8 30. Rb1 Nd6 31. Rdc1 Ra7 32. Qe2 Rda8 33. g4 hxg4 34. hxg4 Qe7 35. f3 Nd7 36. Bg3 Re8 37. Ne5 Rd8 38. Qf2 Raa8 39. Bf1 Ne8 40. Nd3 e5 41. cxd5 cxd5 42. Kg2 Rac8 1/2-1/2

[Event "BL 2425 OSG Baden-Baden - SF Bad Mergent"]
[Site "?"]
[Date "2024.11.30"]
[Round "3.3"]
[White "Rakotomaharo, Fy Antenaina"]
[Black "Deac, Bogdan-Daniel"]
[Result "1/2-1/2"]
[WhiteElo "2429"]
[BlackElo "2687"]
[PlyCount "66"]
[EventDate "2024.??.??"]

1. e4 c5 2. Nf3 Nc6 3. Bb5 Nf6 4. Bxc6 dxc6 5. d3 Qc7 6. a4 e5 7. Na3 Be6 8. O-O Be7 9. Ng5 Bg4 10. f3 Bh5 11. Nc4 Nd7 12. Qe1 b5 13. Qa5 Qb8 14. axb5 cxb5 15. Na3 b4 16. Nc4 O-O 17. Be3 f6 18. Ne6 Rc8 19. Qa6 Nb6 20. f4 Bf7 21. f5 Nxc4 22. dxc4 Be8 23. Rfd1 Rc6 24. Qa5 Qc8 25. Rd5 Bf7 26. Qb5 Rb6 27. Qd7 Qxd7 28. Rxd7 Bxe6 29. fxe6 Rxe6 30. Raxa7 Rxa7 31. Rxa7 Kf8 32. Kf1 h5 33. Ke2 Rc6 1/2-1/2

[Event "BL 2425 OSG Baden-Baden - SF Bad Mergent"]
[Site "?"]
[Date "2024.11.30"]
[Round "3.8"]
[White "Kocharin, Timur"]
[Black "Gasthofer, Alexander"]
[Result "1/2-1/2"]
[WhiteElo "2245"]
[BlackElo "2388"]
[PlyCount "124"]
[EventDate "2024.??.??"]

1. d4 d5 2. c4 e6 3. Nf3 Nf6 4. g3 Be7 5. Bg2 O-O 6. Nc3 dxc4 7. Ne5 Nc6 8. Bxc6 bxc6 9. Nxc6 Qe8 10. Nxe7+ Qxe7 11. Qa4 c5 12. dxc5 Qxc5 13. Be3 Qc7 14. f3 Bb7 15. Qa3 Ng4 16. Qc5 Qxc5 17. Bxc5 Rfc8 18. Bg1 Rd8 19. h3 Nf6 20. Be3 Nd5 21. Nxd5 Bxd5 22. Bd2 e5 23. Ba5 Rdb8 24. O-O-O Be6 25. Bc3 e4 26. fxe4 Rd8 27. g4 Rxd1+ 28. Rxd1 h6 29. Rd6 a6 30. Kd2 Ra7 31. Ke3 a5 32. Bd4 Ra8 33. a3 Kh7 34. Kf3 g5 35. Kg3 a4 36. Rc6 Kg6 37. Rc5 Kh7 38. Bc3 Kg6 39. Be5 Kh7 40. Bf6 Kg6 41. Bc3 Kh7 42. Rb5 Bd7 43. Rb6 Be6 44. Rb7 Kg6 45. Rb4 Kh7 46. Bd4 Kg6 47. Be3 Kh7 48. Rb5 Bd7 49. Rb6 Be6 50. Rb4 Kg6 51. h4 gxh4+ 52. Kxh4 Kh7 53. g5 hxg5+ 54. Kxg5 Rg8+ 55. Kf4 Ra8 56. Ke5 Kg6 57. Kd6 Bg4 58. Rxc4 Bxe2 59. Rc6 Ra6 60. Rxa6 Bxa6 61. Bd4 f6 62. Ke6 Bb7 1/2-1/2

[Event "BL 2425 SC Heimbach-Weis-Neuwied - SV We"]
[Site "?"]
[Date "2024.11.30"]
[Round "3.3"]
[White "Efimenko, Zahar"]
[Black "Zilka, Stepan"]
[Result "1-0"]
[WhiteElo "2567"]
[BlackElo "2539"]
[PlyCount "57"]
[EventDate "2024.??.??"]

1. e4 e5 2. Nf3 Nc6 3. Bb5 a6 4. Ba4 Nf6 5. Nc3 b5 6. Bb3 Bc5 7. O-O d6 8. Nd5 Na5 9. d4 Nxb3 10. axb3 Nxd5 11. exd5 exd4 12. Re1+ Kf8 13. Nxd4 Qf6 14. Be3 Bd7 15. Nf3 Bxe3 16. Rxe3 Qxb2 17. Nd4 h5 18. Rb1 Qa2 19. Ra1 Qb2 20. h4 Bg4 21. f3 Bd7 22. Rb1 Qa2 23. Qe1 g6 24. Rd1 Qb2 25. Qa5 Re8 26. Rxe8+ Bxe8 27. c3 b4 28. Qxb4 Qa2 29. c4 1-0

[Event "BL 2425 SC Heimbach-Weis-Neuwied - SV We"]
[Site "?"]
[Date "2024.11.30"]
[Round "3.8"]
[White "Tica, Sven"]
[Black "Reuker, Jari"]
[Result "1/2-1/2"]
[WhiteElo "2428"]
[BlackElo "2408"]
[PlyCount "42"]
[EventDate "2024.??.??"]

1. Nf3 d5 2. g3 Bg4 3. Bg2 c6 4. O-O Nd7 5. d3 Ngf6 6. c4 Bxf3 7. exf3 e6 8. f4 g6 9. b3 h5 10. h4 Bg7 11. Bb2 O-O 12. Nd2 a5 13. Nf3 b5 14. Rc1 Qb6 15. c5 Qc7 16. a3 Ng4 17. Bxg7 Kxg7 18. d4 Ndf6 19. Ne5 Nh6 20. Re1 Nf5 21. Qd3 Rad8 1/2-1/2

[Event "BL 2425 SC Viernheim - FC St. Pauli"]
[Site "?"]
[Date "2024.11.30"]
[Round "3.1"]
[White "Christiansen, Johan-Sebastian"]
[Black "Sarana, Alexey"]
[Result "1/2-1/2"]
[WhiteElo "2661"]
[BlackElo "2679"]
[PlyCount "36"]
[EventDate "2024.??.??"]

1. e4 e5 2. Nc3 Nf6 3. d4 exd4 4. Qxd4 Nc6 5. Qd3 d5 6. Bf4 d4 7. Nb5 Bb4+ 8. c3 dxc3 9. bxc3 Ba5 10. Qxd8+ Kxd8 11. O-O-O+ Bd7 12. f3 a6 13. Nd4 Nxd4 14. cxd4 Ba4 15. Rd3 Bb5 16. Rd1 Ba4 17. Rd3 Bb5 18. Rd1 Ba4 1/2-1/2

[Event "BL 2425 SC Viernheim - FC St. Pauli"]
[Site "?"]
[Date "2024.11.30"]
[Round "3.2"]
[White "Aravindh, Chithambaram VR."]
[Black "Bjerre, Jonas Buhl"]
[Result "1-0"]
[WhiteElo "2706"]
[BlackElo "2654"]
[PlyCount "111"]
[EventDate "2024.??.??"]

1. d4 Nf6 2. Nf3 d5 3. c4 e6 4. Bg5 Bb4+ 5. Nc3 h6 6. Bxf6 Qxf6 7. e3 c5 8. Rc1 cxd4 9. Nxd4 Nc6 10. cxd5 exd5 11. Bb5 O-O 12. a3 Nxd4 13. Qxd4 Qxd4 14. exd4 Bd6 15. Nxd5 Rd8 16. Ne3 Be7 17. d5 Bf6 18. Rc2 a6 19. Bd3 Bd7 20. Ke2 Ba4 21. Rd2 Rac8 22. f4 g6 23. Be4 Kf8 24. Kf3 Rc7 25. Rb1 Bb3 26. Rd3 Bc2 27. Rc1 Bxd3 28. Rxc7 Bxe4+ 29. Kxe4 Bxb2 30. Rxb7 f5+ 31. Kd3 Bxa3 32. Rb6 Kf7 33. Rxa6 Bc1 34. Ra7+ Kf6 35. Ra6+ Kf7 36. Ra5 Re8 37. Ra7+ Kf6 38. Ra6+ Kf7 39. Ra7+ Kf6 40. Ra6+ Kf7 41. Nc4 Bxf4 42. g3 Bb8 43. Kd4 h5 44. d6 Re2 45. Ra8 Bxd6 46. Nxd6+ Kf6 47. h4 Rd2+ 48. Kc5 Rc2+ 49. Nc4 g5 50. Ra6+ Kg7 51. Kd5 f4 52. gxf4 gxh4 53. Ne3 Rf2 54. Nf5+ Kf7 55. Ke4 h3 56. Rh6 1-0

[Event "BL 2425 SC Viernheim - FC St. Pauli"]
[Site "?"]
[Date "2024.11.30"]
[Round "3.3"]
[White "Maurizzi, Marc`Andria"]
[Black "Anton Guijarro, David"]
[Result "1/2-1/2"]
[WhiteElo "2585"]
[BlackElo "2671"]
[PlyCount "102"]
[EventDate "2024.??.??"]

1. e4 c6 2. d4 d5 3. e5 Bf5 4. c4 e6 5. Nc3 dxc4 6. Bxc4 Nd7 7. Nge2 Ne7 8. O-O Nb6 9. Bb3 Qd7 10. Ng3 O-O-O 11. Qe2 Bg6 12. Rd1 Nf5 13. Nxf5 Bxf5 14. a4 Nd5 15. a5 Be7 16. a6 b6 17. Nxd5 exd5 18. Bf4 g5 19. Be3 Kb8 20. Rac1 Rc8 21. Bc2 h5 22. Bxf5 Qxf5 23. Rc3 Kc7 24. Bd2 Qe6 25. Re3 Kd7 26. Rf1 Rcg8 27. f4 gxf4 28. Rxf4 Rg4 29. Rxf7 Rhg8 30. Rf2 Rxd4 31. Qxh5 Rh4 32. Qf7 Qxf7 33. Rxf7 Ke6 34. Ref3 Re4 35. Kf1 Ra4 36. g3 Ra1+ 37. Kg2 Rb1 38. b3 d4 39. Rh7 c5 40. Rh6+ Kd5 41. Rh7 Re8 42. h4 Rb2 43. Rf2 Rxb3 44. Rff7 Ke6 45. Bf4 c4 46. h5 c3 47. h6 Rb2+ 48. Kh3 Rb1 49. Kg2 Rb2+ 50. Kh3 Rb1 51. Kg2 Rb2+ 1/2-1/2

[Event "BL 2425 SC Viernheim - FC St. Pauli"]
[Site "?"]
[Date "2024.11.30"]
[Round "3.7"]
[White "Krause, Jonah"]
[Black "Meier, Georg"]
[Result "1/2-1/2"]
[WhiteElo "2361"]
[BlackElo "2603"]
[PlyCount "54"]
[EventDate "2024.??.??"]

1. d4 e6 2. c4 Nf6 3. Nf3 Bb4+ 4. Bd2 Qe7 5. e3 b6 6. Bd3 Bb7 7. Nc3 Bxc3 8. Bxc3 Ne4 9. Rc1 d6 10. O-O Nxc3 11. Rxc3 c5 12. Bc2 O-O 13. e4 e5 14. d5 Bc8 15. Nd2 h6 16. a3 a5 17. Re3 f5 18. exf5 Bxf5 19. Rf3 Bxc2 20. Rxf8+ Qxf8 21. Qxc2 Nd7 22. Ne4 Rb8 23. Qa4 Nf6 24. f3 Nxe4 25. fxe4 Qe8 26. Qxe8+ Rxe8 27. a4 Rf8 1/2-1/2

[Event "BL 2425 Düsseldorfer SK - Hamburger SK"]
[Site "?"]
[Date "2024.11.30"]
[Round "3.1"]
[White "Svane, Frederik"]
[Black "Nepomniachtchi, Ian"]
[Result "1/2-1/2"]
[WhiteElo "2654"]
[BlackElo "2755"]
[PlyCount "88"]
[EventDate "2024.??.??"]

1. e4 c5 2. Nc3 d6 3. d4 cxd4 4. Qxd4 Nc6 5. Qd2 Nf6 6. b3 e6 7. Bb2 d5 8. exd5 exd5 9. O-O-O Be6 10. Bb5 Bb4 11. Nge2 O-O 12. a3 Ne4 13. Qe1 Bxc3 14. Nxc3 Qg5+ 15. Kb1 Nxc3+ 16. Qxc3 d4 17. Qd3 Bf5 18. Qf1 Rac8 19. f4 Qg6 20. Rd2 Rfe8 21. g4 Qxg4 22. Rg1 Qh4 23. Bxc6 Rxc6 24. Bxd4 g6 25. Kb2 Re4 26. Be5 Qe7 27. Rg3 f6 28. Bc3 Qc7 29. Rf2 h5 30. h4 Kh7 31. Qc1 Qe7 32. Qd2 Rd6 33. Rd3 Rxd3 34. Qxd3 Ra4 35. Qb5 Qxa3+ 36. Kb1 Re4 37. Qxb7+ Re7 38. Qb5 Kg7 39. Qc4 a5 40. Rf1 Re4 41. Qc7+ Re7 42. Qb6 Re6 43. Qb7+ Re7 44. Qb6 Re6 1/2-1/2

[Event "BL 2425 Düsseldorfer SK - Hamburger SK"]
[Site "?"]
[Date "2024.11.30"]
[Round "3.2"]
[White "Praggnanandhaa R"]
[Black "Svane, Rasmus"]
[Result "1-0"]
[WhiteElo "2737"]
[BlackElo "2628"]
[PlyCount "69"]
[EventDate "2024.??.??"]

1. d4 Nf6 2. c4 e6 3. Nc3 Bb4 4. e3 O-O 5. a3 Bxc3+ 6. bxc3 d6 7. f3 c5 8. Bd3 e5 9. Ne2 Nc6 10. O-O Ne8 11. e4 cxd4 12. cxd4 exd4 13. Bb2 Qb6 14. Rb1 Qc5 15. Rf2 Nc7 16. Bc2 Ne6 17. f4 f6 18. Ba1 Qxa3 19. Rf3 Qa5 20. Rb5 Qc7 21. Rg3 Qf7 22. Bb1 b6 23. Rd5 Rd8 24. f5 Nc7 25. Nf4 Rd7 26. Nh5 Qf8 27. Rxd4 Kh8 28. Rd2 Ne5 29. Nf4 Qe8 30. Rxd6 Qe7 31. c5 bxc5 32. Bxe5 fxe5 33. Ng6+ hxg6 34. Rh3+ Kg8 35. Ba2+ 1-0

[Event "BL 2425 Düsseldorfer SK - Hamburger SK"]
[Site "?"]
[Date "2024.11.30"]
[Round "3.4"]
[White "Giri, Anish"]
[Black "Kempinski, Robert"]
[Result "1/2-1/2"]
[WhiteElo "2733"]
[BlackElo "2560"]
[PlyCount "79"]
[EventDate "2024.??.??"]

1. c4 c6 2. Nf3 d5 3. d4 Nf6 4. e3 Bg4 5. h3 Bxf3 6. Qxf3 e6 7. Bd3 Bb4+ 8. Nc3 Nbd7 9. O-O O-O 10. a3 Ba5 11. b4 Bc7 12. cxd5 exd5 13. b5 Re8 14. a4 Ba5 15. Bb2 Nb6 16. Rfc1 Rc8 17. bxc6 bxc6 18. Rc2 g6 19. Qd1 Qd7 20. Ne2 Ne4 21. Nc1 Qe7 22. Ba6 Rc7 23. Qe2 Bb4 24. Nd3 Bd6 25. Ne5 Bxe5 26. dxe5 Nd7 27. f4 Rb8 28. Ba3 Qe6 29. Rb2 Rxb2 30. Qxb2 c5 31. Bd3 c4 32. Bxe4 dxe4 33. Rd1 Qb6 34. Qc3 Qb3 35. Qxb3 cxb3 36. a5 a6 37. Kh2 Rb7 38. Rd2 h6 39. Bb2 Kf8 40. Rd1 1/2-1/2

[Event "BL 2425 Düsseldorfer SK - Hamburger SK"]
[Site "?"]
[Date "2024.11.30"]
[Round "3.6"]
[White "Van Foreest, Jorden"]
[Black "Costa, Leonardo"]
[Result "1-0"]
[WhiteElo "2687"]
[BlackElo "2501"]
[PlyCount "77"]
[EventDate "2024.??.??"]

1. e4 e5 2. Nf3 Nc6 3. Bc4 Bc5 4. c3 Nf6 5. d3 d6 6. O-O a5 7. Re1 Ba7 8. Bb3 O-O 9. h3 h6 10. Nbd2 Be6 11. Ba4 Qb8 12. Nf1 b5 13. Bc2 Ne7 14. d4 Ng6 15. a4 b4 16. Ng3 Re8 17. Be3 c6 18. Qd2 bxc3 19. bxc3 Qc7 20. Nf5 exd4 21. cxd4 Bxf5 22. exf5 Nf8 23. g4 N8h7 24. Bf4 Rab8 25. Kg2 Nd5 26. h4 Nxf4+ 27. Qxf4 Nf6 28. g5 Nd5 29. Qg3 h5 30. Bb3 Ne3+ 31. fxe3 Rxb3 32. g6 Re4 33. Ng5 Qe7 34. gxf7+ Kf8 35. Nh7+ Kxf7 36. Qg6+ Kg8 37. f6 Rb2+ 38. Kf3 Qd7 39. f7+ 1-0

[Event "BL 2425 Düsseldorfer SK - Hamburger SK"]
[Site "?"]
[Date "2024.11.30"]
[Round "3.7"]
[White "Zwirs, Nico"]
[Black "Esipenko, Andrey"]
[Result "1/2-1/2"]
[WhiteElo "2480"]
[BlackElo "2682"]
[PlyCount "77"]
[EventDate "2024.??.??"]

1. e4 e5 2. Nf3 Nc6 3. Bc4 Nf6 4. d3 Be7 5. O-O O-O 6. Re1 d6 7. a4 Be6 8. Nbd2 h6 9. h3 Bxc4 10. Nxc4 Re8 11. c3 Bf8 12. Qb3 Rb8 13. Ne3 Qd7 14. a5 Ne7 15. c4 Ng6 16. Nd5 Nh5 17. Be3 c6 18. Nc3 Nhf4 19. Qd1 f5 20. Ne2 Nxh3+ 21. gxh3 f4 22. Kh2 fxe3 23. fxe3 b5 24. axb6 Rxb6 25. b3 d5 26. Rg1 Qf7 27. Ng3 Rd8 28. Ra2 dxc4 29. bxc4 Rdb8 30. Nf5 Rb2+ 31. Rxb2 Rxb2+ 32. Kh1 Kh7 33. Ng5+ hxg5 34. Qh5+ Kg8 35. Rxg5 Rb1+ 36. Kh2 Rb2+ 37. Kh1 Rb1+ 38. Kh2 Rb2+ 39. Kh1 1/2-1/2

[Event "BL 2425 SK Kirchweyhe - FC Bayern Münch"]
[Site "?"]
[Date "2024.12.01"]
[Round "4.1"]
[White "Fedoseev, Vladimir"]
[Black "Saric, Ivan"]
[Result "1-0"]
[WhiteElo "2709"]
[BlackElo "2669"]
[PlyCount "119"]
[EventDate "2024.??.??"]

1. d4 Nf6 2. c4 e6 3. Nf3 d5 4. Nc3 c5 5. cxd5 Nxd5 6. e4 Nxc3 7. bxc3 cxd4 8. cxd4 Bb4+ 9. Bd2 Bxd2+ 10. Qxd2 O-O 11. Rc1 Nc6 12. Be2 Qd6 13. O-O Bd7 14. e5 Qb4 15. Qd3 h6 16. Rb1 Qa4 17. Rxb7 Nb4 18. Qd1 a5 19. a3 Nd5 20. Qxa4 Bxa4 21. Ra1 Rfd8 22. Rb2 Nf4 23. Bd1 Bxd1 24. Rxd1 Rac8 25. g3 Rc3 26. Nd2 Nd3 27. Rb3 Rc1 28. Rxc1 Nxc1 29. Rb1 Rxd4 30. Rxc1 Rxd2 31. Rc5 a4 32. Rc4 Re2 33. f4 g5 34. Rxa4 gxf4 35. Rxf4 Rxe5 36. a4 f5 37. Kf2 Kf7 38. g4 Rc5 39. gxf5 exf5 40. Ke3 Kf6 41. Rb4 Rc2 42. h4 Rh2 43. a5 Rh3+ 44. Kd4 Rxh4+ 45. Kc5 Rh1 46. a6 Ra1 47. Kb5 Kg5 48. Ra4 Rb1+ 49. Kc6 Rc1+ 50. Kd7 Rd1+ 51. Ke7 Rc1 52. a7 Rc8 53. a8=Q Rxa8 54. Rxa8 h5 55. Ke6 h4 56. Ke5 Kg4 57. Kd4 f4 58. Kd3 h3 59. Ke2 h2 60. Rh8 1-0

[Event "BL 2425 SK Kirchweyhe - FC Bayern Münch"]
[Site "?"]
[Date "2024.12.01"]
[Round "4.2"]
[White "Brkic, Ante"]
[Black "Santos Latasa, Jaime"]
[Result "1/2-1/2"]
[WhiteElo "2608"]
[BlackElo "2628"]
[PlyCount "46"]
[EventDate "2024.??.??"]

1. e4 c5 2. Nf3 e6 3. d4 cxd4 4. Nxd4 Nc6 5. Nc3 Qc7 6. Be2 Nf6 7. Ndb5 Qb8 8. f4 d6 9. Be3 Be7 10. O-O O-O 11. Qe1 a6 12. Nd4 Nxd4 13. Bxd4 b5 14. Bd3 Bb7 15. Qg3 Qc7 16. a3 Rad8 17. Kh1 Ne8 18. Rae1 Bf6 19. e5 dxe5 20. Bxe5 Qb6 21. Be4 Be7 22. Bxb7 Qxb7 23. Ne4 a5 1/2-1/2